[Event "Scarborough Open 47th"]
[Site "Scarborough"]
[Date "2024.10.25"]
[Round "1.23"]
[White "Batchelor, Francis"]
[Black "Waterfield, Mark B"]
[Result "1-0"]
[WhiteElo "2067"]
[BlackElo "1816"]
[PlyCount "81"]
[EventDate "2024.10.25"]
[EventType "swiss"]
[EventRounds "5"]
[EventCountry "ENG"]
[SourceTitle "BritBase"]
[Source "John Saunders"]
[SourceDate "2024.12.27"]
[SourceVersion "1"]
[SourceVersionDate "2024.12.27"]
[SourceQuality "1"]

1. c4 e5 2. Nc3 Nf6 3. g3 Bb4 4. Nd5 Bd6 5. d4 c6 6. Nxf6+ Qxf6 7. c5 Bc7 8. Nf3 O-O 9. Bg2 d5 10. cxd6 Bxd6 11. O-O exd4 12. Bg5 Qg6 13. Qxd4 h6 14. Be3 Nd7 15. Rac1 Nb6 16. Rfd1 Be7 17. Ne5 Qe6 18. Nxc6 Bf6 19. Qb4 Bd7 20. Nxa7 Rxa7 21. Qxb6 Rxa2 22. Qxb7 Bc8 23. Qc7 Rxb2 24. Bd5 Qd7 25. Qxd7 Bxd7 26. Rc7 Bb5 27. Bc5 Rc2 28. e3 Be5 29. Bxf8 Rxc7 30. Bb4 Ba4 31. Rd2 Bc3 32. Bxc3 Rxc3 33. Be4 g6 34. h4 Rc1+ 35. Kh2 Bc6 36. Rd8+ Kg7 37. Rc8 Bxe4 38. Rxc1 h5 39. f4 Kf6 40. Rc5 Ke6 41. Re5+ 1-0

[Event "Scarborough Open 47th"]
[Site "Scarborough"]
[Date "2024.10.25"]
[Round "1.24"]
[White "Ilett, Raymond J"]
[Black "Varley, Joe"]
[Result "1-0"]
[WhiteElo "1832"]
[BlackElo "1914"]
[PlyCount "41"]
[EventDate "2024.10.25"]
[EventType "swiss"]
[EventRounds "5"]
[EventCountry "ENG"]
[SourceTitle "BritBase"]
[Source "John Saunders"]
[SourceDate "2024.12.27"]
[SourceVersion "1"]
[SourceVersionDate "2024.12.27"]
[SourceQuality "1"]

1. d4 Nf6 2. c4 g6 3. Nc3 d5 4. Nf3 Bg7 5. Bf4 O-O 6. e3 c5 7. dxc5 Qa5 8. Rc1 Rd8 9. Qa4 Qxc5 10. b4 Qc6 11. b5 Qe8 12. Bc7 Bg4 13. Bxd8 Bxf3 14. gxf3 Qxd8 15. cxd5 Nxd5 16. Nxd5 Qxd5 17. Rc8+ Bf8 18. Qd4 Qxd4 19. exd4 e6 20. Bg2 Kg7 21. f4 1-0

[Event "Scarborough Open 47th"]
[Site "Scarborough"]
[Date "2024.10.25"]
[Round "1.25"]
[White "Peart, Alan"]
[Black "Li, Joy Ching"]
[Result "1-0"]
[WhiteElo "1942"]
[BlackElo "1786"]
[PlyCount "133"]
[EventDate "2024.10.25"]
[EventType "swiss"]
[EventRounds "5"]
[EventCountry "ENG"]
[SourceTitle "BritBase"]
[Source "John Saunders"]
[SourceDate "2024.12.27"]
[SourceVersion "1"]
[SourceVersionDate "2024.12.27"]
[SourceQuality "1"]

1. e4 c5 2. Nc3 Nc6 3. Bb5 Nd4 4. Nf3 g6 5. Ba4 Bg7 6. O-O Nf6 7. e5 Ng4 8. Nxd4 cxd4 9. Qxg4 dxc3 10. dxc3 O-O 11. Qe4 d5 12. exd6 Qxd6 13. Re1 e5 14. Bb3 Qc7 15. Qh4 b5 16. Bh6 Bb7 17. Bxg7 Kxg7 18. Rad1 Rad8 19. Qg3 Rfe8 20. h4 f6 21. h5 Qc6 22. hxg6 hxg6 23. f3 a5 24. a3 a4 25. Ba2 Rd6 26. Qf2 e4 27. Rxd6 Qxd6 28. Qd4 Qc6 29. Rxe4 Rxe4 30. fxe4 Qxe4 31. Qxe4 Bxe4 32. Kf2 Bxc2 33. Ke3 Bf5 34. Bd5 Bd7 35. Kd4 g5 36. Kc5 f5 37. Kd6 Be8 38. Ke5 Kg6 39. g3 Bd7 40. Kd6 Bc8 41. Kc7 Ba6 42. Kb6 Bc8 43. Kxb5 Kf6 44. Kxa4 Be6 45. Bg2 Ke5 46. Kb5 Bd5 47. Bxd5 Kxd5 48. c4+ Kd4 49. c5 f4 50. gxf4 gxf4 51. c6 f3 52. c7 f2 53. c8=Q f1=Q+ 54. Kb4 Ke5 55. Qc5+ Ke6 56. Qc4+ Qxc4+ 57. Kxc4 Kd7 58. Kc5 Kc7 59. b4 Kb7 60. b5 Ka8 61. Kc6 Kb8 62. b6 Ka8 63. b7+ Ka7 64. Kc7 Ka6 65. b8=Q Ka5 66. Qb4+ Ka6 67. Qb6# 1-0

[Event "Scarborough Open 47th"]
[Site "Scarborough"]
[Date "2024.10.26"]
[Round "2.1"]
[White "Patel, Keatan"]
[Black "Davies, Nigel Rodney"]
[Result "0-1"]
[WhiteElo "1966"]
[BlackElo "2307"]
[PlyCount "120"]
[EventDate "2024.10.25"]
[EventType "swiss"]
[EventRounds "5"]
[EventCountry "ENG"]
[SourceTitle "BritBase"]
[Source "John Saunders"]
[SourceDate "2024.12.27"]
[SourceVersion "1"]
[SourceVersionDate "2024.12.27"]
[SourceQuality "1"]

1. e4 g6 2. d4 Bg7 3. c4 d6 4. Nc3 e5 5. Nf3 exd4 6. Nxd4 Ne7 7. Be2 O-O 8. O-O Nbc6 9. Be3 f5 10. exf5 Bxd4 11. Bxd4 Nxf5 12. Be3 Nxe3 13. fxe3 Be6 14. Nd5 Rxf1+ 15. Qxf1 Bxd5 16. cxd5 Ne5 17. Qf4 Qe7 18. Rf1 {[=]} Kg7 19. h3 a5 20. a4 Rf8 21. Qd4 Rxf1+ 22. Bxf1 h5 23. Be2 Kh7 24. b4 axb4 25. Qxb4 Nd7 26. Qf4 Nc5 27. g4 hxg4 28. hxg4 Kg7 29. a5 g5 30. Qd4+ Qf6 31. Qd2 Kf7 32. Qc2 Kg7 33. Qd2 Qe5 34. Bf3 Qg3+ 35. Bg2 Qxg4 36. Qb2+ Kg6 37. Qc2+ Kh6 38. Qf2 Qd1+ 39. Kh2 Qh5+ 40. Kg1 Kg7 41. Qb2+ Kf7 42. Qf2+ Kg7 43. Qb2+ Kh7 44. Qf6 Qg6 45. Qe7+ Qg7 46. Qe8 Kh6 47. Be4 g4 48. Kg2 Nd7 49. Qe6+ Nf6 50. Bf5 Kg5 51. e4 Qh6 52. e5 Qh3+ 53. Kg1 Qe3+ 54. Kg2 dxe5 55. Bxg4 Nxg4 56. Qg8+ Kh4 57. Qd8+ Qg5 58. Qh8+ Nh6+ 59. Kh1 Kg3 60. Qf8 Qc1+ 0-1

[Event "Scarborough Open 47th"]
[Site "Scarborough"]
[Date "2024.10.26"]
[Round "2.2"]
[White "Boswell, Jacob Connor"]
[Black "Batchelor, Francis"]
[Result "1-0"]
[WhiteElo "2271"]
[BlackElo "2067"]
[PlyCount "91"]
[EventDate "2024.10.25"]
[EventType "swiss"]
[EventRounds "5"]
[EventCountry "ENG"]
[SourceTitle "BritBase"]
[Source "John Saunders"]
[SourceDate "2024.12.27"]
[SourceVersion "1"]
[SourceVersionDate "2024.12.27"]
[SourceQuality "1"]

1. e4 c5 2. Nf3 d6 3. d4 cxd4 4. Qxd4 Nc6 5. Bb5 Bd7 6. Bxc6 Bxc6 7. Nc3 e6 8. Bg5 Nf6 9. O-O-O Be7 10. Qd3 Qc7 11. Kb1 O-O-O 12. Nd4 a6 13. f3 h6 14. Be3 d5 15. e5 Nd7 16. f4 b5 17. Nb3 b4 18. Ne2 Bb5 19. Qd2 Nb6 20. Bf2 Nc4 21. Qe1 Kb7 22. Ned4 Ra8 23. Nc1 Rhc8 24. Nd3 Qa5 25. Nb3 Qc7 26. Ndc5+ Bxc5 27. Nxc5+ Kc6 28. Qxb4 a5 29. Qc3 a4 30. Rhe1 Rcb8 31. Ka1 Qe7 32. f5 Kc7 33. fxe6 fxe6 34. Nd3 Kd7 35. Bc5 Qg5 36. Rf1 Qh5 37. Rf3 Nxb2 38. Nxb2 Be2 39. Bd6 Rc8 40. Qb4 Ra7 41. Qb6 Rca8 42. Rf8 Rxf8 43. Qxa7+ Kc6 44. Qc7+ Kb5 45. Qb7+ Ka5 46. Bb4# 1-0

[Event "Scarborough Open 47th"]
[Site "Scarborough"]
[Date "2024.10.26"]
[Round "2.3"]
[White "Senior, Gary"]
[Black "Kalavannan, Koby"]
[Result "0-1"]
[WhiteElo "2045"]
[BlackElo "2303"]
[PlyCount "82"]
[EventDate "2024.10.25"]
[EventType "swiss"]
[EventRounds "5"]
[EventCountry "ENG"]
[SourceTitle "BritBase"]
[Source "John Saunders"]
[SourceDate "2024.12.27"]
[SourceVersion "1"]
[SourceVersionDate "2024.12.27"]
[SourceQuality "1"]

1. e4 c5 2. Nf3 g6 3. d3 Bg7 4. g3 d5 5. Nbd2 e5 6. exd5 Qxd5 7. Bg2 Ne7 8. O-O Nbc6 9. Nc4 Qd7 10. Re1 f6 11. Be3 b6 12. c3 O-O 13. Qc2 Bb7 14. Rad1 Rac8 15. a4 Kh8 16. b3 Nd5 17. Bc1 Rfe8 18. Ne3 Nc7 19. Bb2 Rcd8 20. Nc4 Nd5 21. Qb1 f5 22. d4 e4 23. Nfe5 Qc7 24. Nxc6 Bxc6 25. Ne5 Bb7 26. Qc1 Kg8 27. h4 Rc8 28. h5 cxd4 29. cxd4 Qxc1 30. Rxc1 g5 31. Bf1 Bf8 32. Bc4 Kg7 33. Kg2 Bb4 34. Re2 e3 35. Kh3 Bd2 36. Rd1 f4 37. Rexd2 exd2 38. Rxd2 fxg3 39. fxg3 Rf8 40. Kg4 Nf6+ 41. Kf5 Ne4+ 0-1

[Event "Scarborough Open 47th"]
[Site "Scarborough"]
[Date "2024.10.26"]
[Round "2.4"]
[White "Mclean, Robert"]
[Black "Peart, Alan"]
[Result "0-1"]
[WhiteElo "2013"]
[BlackElo "1942"]
[PlyCount "74"]
[EventDate "2024.10.25"]
[EventType "swiss"]
[EventRounds "5"]
[EventCountry "ENG"]
[SourceTitle "BritBase"]
[Source "John Saunders"]
[SourceDate "2024.12.27"]
[SourceVersion "1"]
[SourceVersionDate "2024.12.27"]
[SourceQuality "1"]

1. e4 c5 2. Nf3 d6 3. d4 cxd4 4. Nxd4 Nf6 5. Nc3 g6 6. Be3 Bg7 7. f3 Nc6 8. Qd2 O-O 9. O-O-O Nxd4 10. Bxd4 Qa5 11. Kb1 e5 12. Be3 Be6 13. Nd5 Qxd2 14. Nxf6+ Bxf6 15. Rxd2 Be7 16. h4 h5 17. g3 f5 18. Bh3 Kf7 19. Bh6 Rfd8 20. exf5 gxf5 21. a4 Rd7 22. Bg5 Bf8 23. Rhd1 e4 24. c4 Rc8 25. b3 Rc5 26. Bf1 a6 27. Be2 Kg6 28. Rd4 d5 29. b4 Rc8 30. cxd5 Bf7 31. Rc4 Rxc4 32. Bxc4 b5 33. Bb3 Bxb4 34. Rc1 Bxd5 35. Bxd5 Rxd5 36. Rc6+ Rd6 37. Rxd6+ Bxd6 0-1

[Event "Scarborough Open 47th"]
[Site "Scarborough"]
[Date "2024.10.26"]
[Round "2.5"]
[White "Bharat Kumar, Balahari"]
[Black "Cheng, Louis"]
[Result "0-1"]
[WhiteElo "2083"]
[BlackElo "2047"]
[PlyCount "83"]
[EventDate "2024.10.25"]
[EventType "swiss"]
[EventRounds "5"]
[EventCountry "ENG"]
[SourceTitle "BritBase"]
[Source "John Saunders"]
[SourceDate "2024.12.27"]
[SourceVersion "1"]
[SourceVersionDate "2024.12.27"]
[SourceQuality "1"]

1. d4 Nf6 2. c4 g6 3. g3 c6 4. Bg2 d5 5. Nc3 Bg7 6. Nf3 O-O 7. O-O Ne4 8. Qb3 Nxc3 9. bxc3 a5 10. a4 dxc4 11. Qxc4 Be6 12. Qd3 c5 13. Ng5 cxd4 14. Nxe6 fxe6 15. Bxb7 Ra7 16. Rb1 Qd7 17. Qe4 Na6 18. Ba3 dxc3 19. Rfd1 Qc7 20. Qxe6+ Kh8 21. Rd7 Nc5 22. Rxc7 Nxe6 23. Rxe7 Nd4 24. e3 c2 25. Re1 Rb8 26. exd4 Bf8 27. Re8 Raxb7 28. Rxb8 Rxb8 29. Bc1 Rb1 30. Kf1 Bb4 31. Re8+ Kg7 32. Ke2 Rxc1 33. Kd3 Kf7 34. Rc8 Ke6 35. Rxc2 Rxc2 36. Kxc2 Kd5 37. Kd3 Be1 38. f3 Bf2 39. f4 Bxd4 40. g4 Bg7 41. h3 Bf8 42. Kc3 0-1

[Event "Scarborough Open 47th"]
[Site "Scarborough"]
[Date "2024.10.26"]
[Round "2.6"]
[White "Luk, Danbe"]
[Black "Hepworth, Peter"]
[Result "1-0"]
[WhiteElo "1869"]
[BlackElo "1933"]
[PlyCount "117"]
[EventDate "2024.10.25"]
[EventType "swiss"]
[EventRounds "5"]
[EventCountry "ENG"]
[SourceTitle "BritBase"]
[Source "John Saunders"]
[SourceDate "2024.12.27"]
[SourceVersion "1"]
[SourceVersionDate "2024.12.27"]
[SourceQuality "1"]

1. d4 Nf6 2. c4 e6 3. Nf3 d5 4. Nc3 Be7 5. Bf4 O-O 6. e3 b6 7. Rc1 c6 8. Bd3 Bb7 9. cxd5 Nxd5 10. Nxd5 exd5 11. O-O Nd7 12. Qe2 Re8 13. Ne5 Nxe5 14. Bxe5 g6 15. Qg4 Qc8 16. Qg3 c5 17. b3 Ba6 18. Bxa6 Qxa6 19. Qf3 Rad8 20. Rc2 f5 21. Rd1 Bf8 22. h4 Qc8 23. h5 c4 24. hxg6 hxg6 25. g3 b5 26. Kg2 Bg7 27. Bf4 Qe6 28. Qe2 Qe7 29. bxc4 bxc4 30. g4 g5 31. Bh2 f4 32. Rc3 Rd6 33. Qf3 Bh6 34. exf4 gxf4 35. Bxf4 Rf8 36. Bxd6 Rxf3 37. Bxe7 Rxc3 38. g5 Bg7 39. Bc5 Bf8 40. Rd2 Rc1 41. Re2 Kf7 42. Bxf8 Kxf8 43. Re5 Rd1 44. Rxd5 c3 45. Rc5 Rxd4 46. Kg3 Rd3+ 47. f3 Rd2 48. Rxc3 Rxa2 49. Kg4 Kf7 50. f4 Ra4 51. Rc6 Ra1 52. Rc7+ Ke6 53. f5+ Kd6 54. Rc2 a5 55. Kh5 a4 56. Kg6 Rf1 57. f6 a3 58. f7 Ke7 59. Re2+ 1-0

[Event "Scarborough Open 47th"]
[Site "Scarborough"]
[Date "2024.10.26"]
[Round "2.7"]
[White "Lemeshev, Ilya"]
[Black "Stonehouse, Raymond"]
[Result "1-0"]
[WhiteElo "2156"]
[BlackElo "1927"]
[PlyCount "49"]
[EventDate "2024.10.25"]
[EventType "swiss"]
[EventRounds "5"]
[EventCountry "ENG"]
[SourceTitle "BritBase"]
[Source "John Saunders"]
[SourceDate "2024.12.27"]
[SourceVersion "1"]
[SourceVersionDate "2024.12.27"]
[SourceQuality "1"]

1. d4 c5 2. d5 e5 3. e4 d6 4. a4 Be7 5. Nd2 Nf6 6. Ne2 b6 7. Nc3 O-O 8. Bd3 Na6 9. O-O Nb4 10. Be2 Nd7 11. Nc4 Re8 12. f4 f6 13. g3 a5 14. Bf3 Na6 15. Nb5 Nf8 16. fxe5 fxe5 17. Bg4 Rb8 18. Bxc8 Rxc8 19. Qg4 Nc7 20. Na7 Ra8 21. Nc6 Qc8 22. Qxc8 Raxc8 23. Nxb6 Rb8 24. Nxb8 Rxb8 25. Nc4 1-0

[Event "Scarborough Open 47th"]
[Site "Scarborough"]
[Date "2024.10.26"]
[Round "2.8"]
[White "Leung, Hao Ran"]
[Black "Elgar, Tim"]
[Result "1-0"]
[WhiteElo "2043"]
[BlackElo "2032"]
[PlyCount "103"]
[EventDate "2024.10.25"]
[EventType "swiss"]
[EventRounds "5"]
[EventCountry "ENG"]
[SourceTitle "BritBase"]
[Source "John Saunders"]
[SourceDate "2024.12.27"]
[SourceVersion "1"]
[SourceVersionDate "2024.12.27"]
[SourceQuality "1"]

1. d4 Nf6 2. Nc3 d5 3. Bf4 g6 4. Qd2 Bg7 5. Bh6 Bxh6 6. Qxh6 c6 7. f3 Qa5 8. Qd2 O-O 9. Ne4 Qxd2+ 10. Nxd2 Bf5 11. O-O-O h5 12. Re1 c5 13. e4 Bd7 14. exd5 cxd4 15. Bc4 Re8 16. Ne2 b5 17. Bb3 d3 18. cxd3 Na6 19. Ne4 Rac8+ 20. Kd2 Nc5 21. Nxc5 Rxc5 22. Rc1 Rcc8 23. Rxc8 Rxc8 24. Rc1 Rd8 25. Nd4 Be8 26. Rc5 a6 27. Nc6 Rd7 28. Kc3 Rc7 29. Kb4 e6 30. Ka5 exd5 31. Kb6 Nd7+ 32. Kxc7 Nxc5 33. Nb4 a5 34. Nxd5 Nxd3 35. Nf6+ Kf8 36. Bd5 b4 37. Nxe8 Kxe8 38. Bc6+ Ke7 39. Kb6 Nxb2 40. Kxa5 Nd3 41. Bb5 Nf4 42. g3 Ne6 43. Kxb4 Nd4 44. Ka5 Nxf3 45. a4 Kd8 46. Kb6 Kc8 47. a5 Nd4 48. Bc4 Ne6 49. Bxe6+ fxe6 50. a6 Kb8 51. Kc6 h4 52. g4 1-0

[Event "Scarborough Open 47th"]
[Site "Scarborough"]
[Date "2024.10.26"]
[Round "2.9"]
[White "Mason, Donald J"]
[Black "Ilett, Raymond J"]
[Result "1/2-1/2"]
[WhiteElo "1993"]
[BlackElo "1832"]
[PlyCount "47"]
[EventDate "2024.10.25"]
[EventType "swiss"]
[EventRounds "5"]
[EventCountry "ENG"]
[SourceTitle "BritBase"]
[Source "John Saunders"]
[SourceDate "2024.12.27"]
[SourceVersion "1"]
[SourceVersionDate "2024.12.27"]
[SourceQuality "1"]

1. e4 Nc6 2. Nf3 Nf6 3. e5 Nd5 4. d4 d6 5. c4 Nb6 6. e6 fxe6 7. Nc3 g6 8. h4 Bg7 9. Be3 e5 10. d5 Nd4 11. Nxd4 exd4 12. Bxd4 O-O 13. Bxg7 Kxg7 14. h5 e5 15. hxg6 hxg6 16. Qd2 Rh8 17. Rxh8 Qxh8 18. Qg5 Bd7 19. c5 dxc5 20. Qxe5+ Kg8 21. Qxh8+ Kxh8 22. O-O-O Re8 23. Kd2 Kg7 24. Re1 1/2-1/2

[Event "Scarborough Open 47th"]
[Site "Scarborough"]
[Date "2024.10.26"]
[Round "2.10"]
[White "Cowan, Richard M"]
[Black "Birtwistle, Nigel"]
[Result "0-1"]
[WhiteElo "1884"]
[BlackElo "2016"]
[PlyCount "82"]
[EventDate "2024.10.25"]
[EventType "swiss"]
[EventRounds "5"]
[EventCountry "ENG"]
[SourceTitle "BritBase"]
[Source "John Saunders"]
[SourceDate "2024.12.27"]
[SourceVersion "1"]
[SourceVersionDate "2024.12.27"]
[SourceQuality "1"]

1. Nf3 g6 2. c4 Bg7 3. g3 c5 4. Bg2 Nc6 5. O-O e5 6. d3 Nge7 7. a3 a5 8. Nc3 d6 9. Bd2 O-O 10. Rb1 h6 11. Qc1 Kh7 12. Nd5 Nxd5 13. cxd5 Ne7 14. b4 cxb4 15. axb4 a4 16. b5 Nxd5 17. Ng5+ hxg5 18. Bxd5 g4 19. Qa3 Qe7 20. Rfc1 Be6 21. Bg2 Bb3 22. Bb4 Rfd8 23. b6 Rac8 24. Rxc8 Rxc8 25. Bxd6 Qd7 26. Bc5 Bh6 27. Qb4 Bd2 28. Qa3 Qb5 29. Bd6 Qxb6 30. Bxe5 Qe6 31. Qa1 b5 32. f4 gxf3 33. Bxf3 b4 34. Qd4 Qe7 35. Kg2 Bc3 36. Qg4 Qxe5 37. Qxc8 Be6 38. Qd8 a3 39. Qh4+ Kg7 40. Rxb4 Bxb4 41. Qxb4 Qb2 0-1

[Event "Scarborough Open 47th"]
[Site "Scarborough"]
[Date "2024.10.26"]
[Round "2.11"]
[White "Melia, Alfie"]
[Black "Szekely, Virgil"]
[Result "0-1"]
[WhiteElo "1988"]
[BlackElo "2012"]
[PlyCount "80"]
[EventDate "2024.10.25"]
[EventType "swiss"]
[EventRounds "5"]
[EventCountry "ENG"]
[SourceTitle "BritBase"]
[Source "John Saunders"]
[SourceDate "2024.12.27"]
[SourceVersion "1"]
[SourceVersionDate "2024.12.27"]
[SourceQuality "1"]

1. e4 c6 2. d4 d5 3. e5 Bf5 4. Nc3 e6 5. g4 Bg6 6. Nge2 Qh4 7. Ng3 Bb4 8. Be2 Nd7 9. Be3 f6 10. Qd2 h6 11. exf6 Ngxf6 12. O-O-O Nxg4 13. Bxg4 Qxg4 14. Rhg1 Qf3 15. Nge2 Qf6 16. Nf4 Bf7 17. Nd3 Ba5 18. Bf4 Qxd4 19. Rde1 g5 20. Be3 Qf6 21. Nc5 Qe7 22. Bd4 Rg8 23. Nxe6 Bxe6 24. Rxe6 Qxe6 25. Re1 Rg6 26. Rxe6+ Rxe6 27. Be3 O-O-O 28. Qd4 Bb6 29. Qg4 Bxe3+ 30. fxe3 Rde8 31. Qd4 b6 32. b4 Rxe3 33. Kb2 Ne5 34. b5 Nc4+ 35. Kc1 Re1+ 36. Nd1 Ne3 37. Qf6 Rxd1+ 38. Kb2 Nc4+ 39. Kb3 Re3+ 40. c3 Rb1+ 0-1

[Event "Scarborough Open 47th"]
[Site "Scarborough"]
[Date "2024.10.26"]
[Round "2.12"]
[White "Harkness, Bryan D"]
[Black "Potter, John M"]
[Result "0-1"]
[WhiteElo "1986"]
[BlackElo "2027"]
[PlyCount "74"]
[EventDate "2024.10.25"]
[EventType "swiss"]
[EventRounds "5"]
[EventCountry "ENG"]
[SourceTitle "BritBase"]
[Source "John Saunders"]
[SourceDate "2024.12.27"]
[SourceVersion "1"]
[SourceVersionDate "2024.12.27"]
[SourceQuality "1"]

1. e4 e6 2. d4 d5 3. e5 c5 4. c3 Nc6 5. Nf3 Bd7 6. Be2 f6 7. O-O fxe5 8. Nxe5 Nxe5 9. dxe5 Qc7 10. Re1 Ne7 11. Bf4 O-O-O 12. Bg4 h6 13. h4 Ng6 14. Bg3 Be7 15. h5 Nf8 16. Nd2 Be8 17. Nf3 g6 18. Nh4 gxh5 19. Bxh5 Bxh5 20. Qxh5 Qd7 21. Re3 Qe8 22. Qxe8 Rxe8 23. Rd1 c4 24. Rf3 Rg8 25. Rd4 Nd7 26. Kh2 Bc5 27. Rd2 Rg4 28. Re2 Be7 29. Kh3 Reg8 30. Rf4 Rxf4 31. Bxf4 Bxh4 32. Kxh4 Rxg2 33. Bxh6 Rh2+ 34. Kg5 Nc5 35. Kg6 Nd3 36. Be3 Kd7 37. Bxa7 Nf4+ 0-1

[Event "Scarborough Open 47th"]
[Site "Scarborough"]
[Date "2024.10.26"]
[Round "2.13"]
[White "Hariharan, Shambavi"]
[Black "Pal, Rohan"]
[Result "1/2-1/2"]
[WhiteElo "1926"]
[BlackElo "2164"]
[PlyCount "85"]
[EventDate "2024.10.25"]
[EventType "swiss"]
[EventRounds "5"]
[EventCountry "ENG"]
[SourceTitle "BritBase"]
[Source "John Saunders"]
[SourceDate "2024.12.27"]
[SourceVersion "1"]
[SourceVersionDate "2024.12.27"]
[SourceQuality "1"]

1. d4 Nf6 2. c4 e6 3. Nf3 Bb4+ 4. Bd2 Bxd2+ 5. Nbxd2 O-O 6. g3 d6 7. Bg2 Qe7 8. O-O e5 9. e3 e4 10. Ng5 Bf5 11. Nh3 c6 12. Re1 Re8 13. Nf4 g6 14. b4 Nbd7 15. Qb3 g5 16. Ne2 h5 17. h3 b6 18. Rac1 Kg7 19. Qc3 Qe6 20. d5 cxd5 21. Nd4 Qe5 22. f4 exf3 23. N2xf3 Qe4 24. Nh4 gxh4 25. Bxe4 Bxe4 26. Rf1 Kh7 27. Ne2 Re5 28. Rf4 Bg6 29. Rcf1 Ne4 30. Qd4 Ng5 31. Rxh4 Rae8 32. Qf4 Ne6 33. Qf2 Ng5 34. Nf4 Ne4 35. Qg2 Rg5 36. g4 Ndf6 37. Nxg6 Kxg6 38. Rf5 hxg4 39. hxg4 Re5 40. Rxe5 Rxe5 41. cxd5 Rxd5 42. Qf3 Ng5 43. Qf4 1/2-1/2

[Event "Scarborough Open 47th"]
[Site "Scarborough"]
[Date "2024.10.26"]
[Round "2.14"]
[White "Dossett, Christopher S"]
[Black "Hamer, Martyn"]
[Result "1/2-1/2"]
[WhiteElo "1954"]
[BlackElo "2055"]
[PlyCount "33"]
[EventDate "2024.10.25"]
[EventType "swiss"]
[EventRounds "5"]
[EventCountry "ENG"]
[SourceTitle "BritBase"]
[Source "John Saunders"]
[SourceDate "2024.12.27"]
[SourceVersion "1"]
[SourceVersionDate "2024.12.27"]
[SourceQuality "1"]

1. Nf3 d5 2. g3 Nf6 3. Bg2 e6 4. d3 c5 5. Nbd2 Nc6 6. O-O Be7 7. e4 b5 8. exd5 exd5 9. a4 b4 10. b3 O-O 11. Bb2 Bf5 12. Re1 Rc8 13. Ne5 Nxe5 14. Rxe5 Bg4 15. Qe1 Bd6 16. Rg5 Be6 17. Bxd5 1/2-1/2

[Event "Scarborough Open 47th"]
[Site "Scarborough"]
[Date "2024.10.26"]
[Round "2.15"]
[White "Armstrong, Malcolm J"]
[Black "Han, Qixuan"]
[Result "0-1"]
[WhiteElo "2025"]
[BlackElo "1932"]
[PlyCount "66"]
[EventDate "2024.10.25"]
[EventType "swiss"]
[EventRounds "5"]
[EventCountry "ENG"]
[SourceTitle "BritBase"]
[Source "John Saunders"]
[SourceDate "2024.12.27"]
[SourceVersion "1"]
[SourceVersionDate "2024.12.27"]
[SourceQuality "1"]

1. d4 d5 2. Nf3 Nf6 3. c4 c6 4. Nc3 e6 5. e3 Nbd7 6. Bd3 dxc4 7. Bxc4 b5 8. Bd3 Bd6 9. O-O O-O 10. a4 b4 11. Ne4 Nxe4 12. Bxe4 Bb7 13. b3 Nf6 14. Bd3 c5 15. Bb2 cxd4 16. Nxd4 Rc8 17. Qe2 Qe7 18. Rac1 a5 19. h3 h6 20. e4 Bf4 21. Rxc8 Rxc8 22. e5 Nd5 23. g3 Rd8 24. Kh2 Nc3 25. Bxc3 bxc3 26. Nb5 Bxe5 27. Be4 Rd2 28. Qc4 Qg5 29. Kh1 Qf5 30. Bxb7 Qxh3+ 31. Kg1 Bxg3 32. Qc8+ Kh7 33. Be4+ f5 0-1

[Event "Scarborough Open 47th"]
[Site "Scarborough"]
[Date "2024.10.26"]
[Round "2.16"]
[White "Nezis, Anastasios"]
[Black "Sasikumar, Srivathsan"]
[Result "0-1"]
[WhiteElo "1930"]
[BlackElo "1924"]
[PlyCount "78"]
[EventDate "2024.10.25"]
[EventType "swiss"]
[EventRounds "5"]
[EventCountry "ENG"]
[SourceTitle "BritBase"]
[Source "John Saunders"]
[SourceDate "2024.12.27"]
[SourceVersion "1"]
[SourceVersionDate "2024.12.27"]
[SourceQuality "1"]

1. Nf3 d5 2. c4 e6 3. b3 Nf6 4. e3 Be7 5. Nc3 O-O 6. Bb2 c6 7. Qc2 Nbd7 8. Rg1 Re8 9. g4 Nf8 10. g5 N6d7 11. h4 f6 12. O-O-O b5 13. cxb5 cxb5 14. Bxb5 Bb7 15. Nh2 a6 16. gxf6 Bxf6 17. Ng4 Kh8 18. Nxf6 gxf6 19. Bxd7 Nxd7 20. Rg3 Rg8 21. Rdg1 Rxg3 22. Rxg3 Qe7 23. f4 Rc8 24. Kb1 Qf7 25. Qd1 Rg8 26. Qg1 Rxg3 27. Qxg3 Qh5 28. b4 Qf5+ 29. Kc1 Nb6 30. Ne2 Nc4 31. Nd4 Qd3 32. Bc3 Na3 33. Kb2 Nc4+ 34. Kc1 Qe4 35. Nc6 d4 36. Bxd4 e5 37. Ne7 Qh1+ 38. Kc2 Be4+ 39. Kb3 Nxd2+ 0-1

[Event "Scarborough Open 47th"]
[Site "Scarborough"]
[Date "2024.10.26"]
[Round "2.17"]
[White "Pyun, Lindsay"]
[Black "Dilleigh, Stephen P"]
[Result "1/2-1/2"]
[WhiteElo "1798"]
[BlackElo "2029"]
[PlyCount "45"]
[EventDate "2024.10.25"]
[EventType "swiss"]
[EventRounds "5"]
[EventCountry "ENG"]
[SourceTitle "BritBase"]
[Source "John Saunders"]
[SourceDate "2024.12.27"]
[SourceVersion "1"]
[SourceVersionDate "2024.12.27"]
[SourceQuality "1"]

1. e4 e6 2. d4 d5 3. Nc3 Nf6 4. e5 Nfd7 5. f4 c5 6. Nf3 Nc6 7. Ne2 Be7 8. g3 O-O 9. Kf2 cxd4 10. Nexd4 Nxd4 11. Nxd4 Nc5 12. Bd3 f6 13. Nf3 Qc7 14. Kg2 Bd7 15. Qe2 Nxd3 16. Qxd3 Rac8 17. c3 Qc4 18. Rd1 Qxd3 19. Rxd3 Bb5 20. Rd1 Be2 21. Re1 Bxf3+ 22. Kxf3 Rc6 23. Kg2 1/2-1/2

[Event "Scarborough Open 47th"]
[Site "Scarborough"]
[Date "2024.10.26"]
[Round "2.18"]
[White "Vaidyanathan, Adithya"]
[Black "Sheppard, Derek A"]
[Result "1-0"]
[WhiteElo "1932"]
[BlackElo "1826"]
[PlyCount "97"]
[EventDate "2024.10.25"]
[EventType "swiss"]
[EventRounds "5"]
[EventCountry "ENG"]
[SourceTitle "BritBase"]
[Source "John Saunders"]
[SourceDate "2024.12.27"]
[SourceVersion "1"]
[SourceVersionDate "2024.12.27"]
[SourceQuality "1"]

1. Nf3 d5 2. d4 Nf6 3. c4 c6 4. cxd5 cxd5 5. Nc3 Nc6 6. Bf4 e6 7. e3 Be7 8. Bd3 O-O 9. h3 Bd7 10. O-O Qa5 11. a3 Rfc8 12. b4 Qd8 13. Qb3 Be8 14. Rfc1 Bd6 15. Bxd6 Qxd6 16. Na4 Rc7 17. Rc2 Rac8 18. Rac1 Ne7 19. Nc5 Qd8 20. Ne5 Nd7 21. Nexd7 Bxd7 22. a4 b6 23. Na6 Rxc2 24. Rxc2 Rxc2 25. Qxc2 Qc8 26. Bxh7+ Kh8 27. Bd3 Qxc2 28. Bxc2 Kg8 29. b5 Kf8 30. f4 Nc8 31. Kf2 Nd6 32. Bd3 Ke7 33. g4 f6 34. Nb4 Nf7 35. Kf3 Kd6 36. Bc2 Nd8 37. h4 e5 38. f5 Be8 39. Bb3 e4+ 40. Kf4 Bf7 41. Na2 Bg8 42. g5 fxg5+ 43. hxg5 g6 44. fxg6 Ne6+ 45. Kf5 Ng7+ 46. Kf4 Ne6+ 47. Kg4 Nc5 48. dxc5+ bxc5 49. Bxd5 1-0